ہم بچے ہين پڑ ھنے و ا لے (Record no. 87612)

MARC details
000 -LEADER
fixed length control field 00780nam a22002297a 4500
005 - DATE AND TIME OF LATEST TRANSACTION
control field 20150202150050.0
008 - FIXED-LENGTH DATA ELEMENTS--GENERAL INFORMATION
fixed length control field 140714b xxu||||| |||| 00| 0 Urdu d
010 ## - LCCN (DPL NO)
LC control number UR-8576
020 ## - INTERNATIONAL STANDARD BOOK NUMBER
Terms of availability 50.00
035 ## - SYSTEM CONTROL NUMBER
System control number U-7131
037 ## - SOURCE OF ACQUISITION
Source of stock number/acquisition DBAD/Publishers
040 ## - CATALOGING SOURCE
Original cataloging agency DPL
Language of cataloging Urdu
082 ## - DEWEY DECIMAL CLASSIFICATION NUMBER
Classification number 841
100 ## - MAIN ENTRY--PERSONAL NAME
Personal name فر ا غ رو ہو ی
245 ## - TITLE STATEMENT
Title ہم بچے ہين پڑ ھنے و ا لے
Statement of responsibility, etc فر ا غ رو ہو ی
246 ## - VARYING FORM OF TITLE
Title proper/short title Hum Bache Hain Parhne Wale
Remainder of title Faragh Rohvi
260 ## - PUBLICATION, DISTRIBUTION, ETC. (IMPRINT)
Name of publisher, distributor, etc Gulistan Publications
-- K.K.P.( Vender)
Date of publication, distribution, etc 2012
260 ## - PUBLICATION, DISTRIBUTION, ETC. (IMPRINT)
Place of publication, distribution, etc 4806/24,Bharat Ram Road,Dariya Gunj,New Delhi-2
270 ## - ADDRESS
Address 67-گلی ‏مو لا نا شو کت علی
City کلکتہ
Postal code 700073
Telephone number 9831775593
300 ## - PHYSICAL DESCRIPTION
Extent 80ص
Dimensions 22Cm (Hb)
942 ## - ADDED ENTRY ELEMENTS (KOHA)
Source of classification or shelving scheme Dewey Decimal Classification
Item type Urdu Bks
Call number suffix ف ر ا
Classification part 841
Holdings
Withdrawn status Lost status Source of classification or shelving scheme Damaged status Not for loan Collection code Home library Current library Date acquired Source of acquisition Cost, normal purchase price Total Checkouts Full call number Barcode Date last seen Copy number Cost, replacement price Koha item type
    Dewey Decimal Classification   Not For Loan Non-fiction D.B.Act.Division D.B.Act.Division 02/02/2015 DBAD/Pub. 50.00   841 ف ر ا U-7131 02/02/2015 1 50.00 Urdu Bks

© Delhi Public Library
Hit Counter
free hit counter